Design in Mataverse/ (Record no. 204716)

MARC details
000 -LEADER
fixed length control field 00515nam a22001817a 4500
005 - DATE AND TIME OF LATEST TRANSACTION
control field 20240802115527.0
010 ## - LCCN (DPL NO)
LC control number ENG-141134
020 ## - INTERNATIONAL STANDARD BOOK NUMBER
International Standard Book Number 9789390951451
Terms of availability 399.00
035 ## - SYSTEM CONTROL NUMBER
System control number EN-124666
037 ## - SOURCE OF ACQUISITION
Source of stock number/acquisition DBAD
082 ## - DEWEY DECIMAL CLASSIFICATION NUMBER
Classification number 005.3
100 ## - MAIN ENTRY--PERSONAL NAME
Personal name Ergen, Ismail
245 ## - TITLE STATEMENT
Title Design in Mataverse/
Statement of responsibility, etc By Ismail Ergen
260 ## - PUBLICATION, DISTRIBUTION, ETC. (IMPRINT)
Place of publication, distribution, etc New Delhi
Name of publisher, distributor, etc Allied Publishers
Date of publication, distribution, etc 2023
270 ## - ADDRESS
Address 1/13-14 Asaf Ali Road
City New Delhi
Postal code 110002
300 ## - PHYSICAL DESCRIPTION
Extent 108p,
Other physical details ill.
Dimensions 22cm(pbk)
942 ## - ADDED ENTRY ELEMENTS (KOHA)
Source of classification or shelving scheme Dewey Decimal Classification
Item type English Books
Classification part 005.3
Call number suffix ERG
Holdings
Withdrawn status Lost status Not for loan Collection code Home library Current library Date acquired Source of acquisition Cost, normal purchase price Full call number Barcode Copy number Cost, replacement price Koha item type
      Non-fiction Patel Nagar Patel Nagar 02/08/2024 Delivery of Books Act Division 399.00 005.3 ERG EN-124666 1 399.00 English Books

© Delhi Public Library
Hit Counter
free hit counter